| 000 | 00433nam a2200157 i 4500 | ||
|---|---|---|---|
| 001 | 64983 | ||
| 003 | ES-MaACL | ||
| 005 | 20230906165255.0 | ||
| 007 | t| | ||
| 008 | 040107s1967 sp ||||1| spa d | ||
| 100 | 1 |
_aFrade Merino, Fernando. _952056 |
|
| 245 | 1 | 3 |
_aLa guerra psicológica / _cFernando Frade Merino. |
| 260 |
_aMadrid : _bCompi, _c[1967] |
||
| 300 |
_a190 p. : _bil. ; _c22 cm. |
||
| 852 |
_aES-MaACL _jC-33061 _bR.63364 |
||
| 999 |
_c64983 _d64983 |
||